003610000a2200109000450024500870000065000300008765000160011765000190013304100130015210000200016577300660018510aEcology at the mesoscale: the influence of regional processes on local communities14aEcología de comunidades14aEvolución14aBiogeografía0 aInglés1 aHolt, Robert D.1 tSpecies Diversity in Ecological Communities3464q77-88d1993